00506nam a22001097a 4500008004100000050002200041100002800063245013800091260003800229300003100267650009800298190319b xxu||||| |||| 00| 0 eng d aLB 1065 .C44 2018 aCheburet Stephen Kaptum aRelationship between self-regulated learning and student performance:bin physics in public secondary schools/cCheburet .S. Kaptum. aKenya:bKaptum S Cheburet,c2018. axii, 99p, :bill, ;c30cm. astudent performance in physics in public secondary schools vin Nakuru East Sub-county Kenya.